000
00218nam a2200097Ia 4500
008
240331s9999 xx 000 0 und d
082
_a
291
_b
CAR
100
_a
Carter, J.M
245
0
_a
Religiousness in Sri Lanka
942
_c
L
999
_c
855
_d
855